000 00470nam a2200157 a 4500
001 000030804
005 20200930062523.0
008 110530s1951 dr 000 0 spa d
040 _aDO-SdBNP
_bspa
_cBNPHu
082 _axxx
_bS118a
100 1 _aSábras Gurrea, Amós
_957355
245 1 0 _aÁlgebra elemental /
_cAmós Sabrás Gurrea.
260 _aCiudad Trujillo, República Dominicana, :
_bLibrería Dominicana,
_c1951.
300 _a182 p. ;
_c22 cm.
049 _aBNPD
999 _c30296
_d30296